Trouve tous les Ballons d'or - Mort Subite - Statistiques

Statistiques générales
  • Ce quiz a été pris 275 fois
  • Le résultat moyen est 13 sur 20
Answers on the Grid
Answers color-coded by a green-red scale on the quiz's grid according to % correct below.
Ousmane Dembélé
Andres Iniesta
Fabio Cannavaro
Hristo Stoichkov
Thierry Henry
Lev Yashin
Lionel Messi
Xavi Hernandez
Denis Law
Andriy Shevchenko
Kevin Keegan
George Best
Diego Maradona
Vinicius Jr
Ronaldo
Allan Simonsen
Didier Drogba
Raymond Kopa
George Weah
Manuel Neuer
Roberto Baggio
Pelé
Stanley Matthews
Kaka
Michael Owen
Virgil Van Dijk
Luka Modric
Luis Suarez
Neymar Jr
Cristiano Ronaldo
 
Statistiques - réponses
Réponse % Correct
Ousmane Dembélé
97%
Lionel Messi
82%
Fabio Cannavaro
76%
Andriy Shevchenko
74%
Ronaldo
74%
Lev Yashin
71%
Cristiano Ronaldo
69%
George Best
67%
Kaka
65%
Luka Modric
65%
George Weah
61%
Hristo Stoichkov
61%
Raymond Kopa
59%
Michael Owen
58%
Roberto Baggio
56%
Stanley Matthews
55%
Allan Simonsen
53%
Denis Law
53%
Kevin Keegan
51%
Luis Suarez
33%
Aucun quiz correspondant
Distribution des résultats
% des personnes avec chaque résultat
Percentile par nombre de réponses
Votre historique - résultats
Vous n’avez pas pris ce quiz